[Event "RUS-ch m1-2"]
[Site "Elista"]
[Date "1997.05.19"]
[Round "1.1"]
[White "Shipov, Sergei"]
[Black "Burmakin, Vladimir"]
[Result "1/2-1/2"]
[WhiteElo "2540"]
[BlackElo "2530"]

1.d4 d5 2.c4 c6 3.Nf3 Nf6 4.Nc3 a6 5.cxd5 cxd5 6.Bf4 Nc6 7.e3 Bf5 8.a3 e6
9.Be2 Ne4 10.Nxe4 Bxe4 11.O-O Bxf3 12.Bxf3 Bd6 13.Bxd6 Qxd6 14.Qd2 O-O 15.Rac1 Rac8
16.Rc3 Ne7 17.Rfc1  1/2-1/2

[Event "RUS-Cup9"]
[Site "Novgorod"]
[Date "1997.06.22"]
[Round "9"]
[White "Kravtsov, Sergey"]
[Black "Volkov, Sergey"]
[Result "0-1"]
[WhiteElo "2370"]
[BlackElo "2480"]

1.d4 d5 2.c4 c6 3.Nc3 Nf6 4.Nf3 a6 5.Bg5 Ne4 6.Bf4 Nxc3 7.bxc3 dxc4 8.g3 b5
9.Bg2 Bb7 10.Ne5 f6 11.Nxc4 bxc4 12.Rb1 e5 13.Rxb7 exf4 14.Qa4 Qc8 15.Rb6 Bd6
16.Qxc4 Ke7 17.gxf4 Ra7 18.Rg1 g6 19.Be4 f5 20.Bd3 Qe6 21.Qxe6+ Kxe6 22.e3 Bc7
23.Rb3 Nd7 24.Kd2 a5 25.Be2 a4 26.Rbb1 Ba5 27.Kd3 c5 28.c4 cxd4 29.exd4 Bc7
30.c5 Bxf4 31.Kc4 Bxh2 32.Rge1 Rc8 33.Bf3+ Kf6 34.Rh1 Bd6 35.Rxh7 Bxc5 36.Bb7  0-1

[Event "Wch U20"]
[Site "Zagan"]
[Date "1997.07.17"]
[Round "4"]
[White "Guthrie, David"]
[Black "Schneider, Stefan"]
[Result "0-1"]
[WhiteElo "2140"]
[BlackElo "2305"]

1.d4 Nf6 2.Nf3 d5 3.c4 c6 4.Nc3 a6 5.a4 e6 6.Bg5 Nbd7 7.cxd5 exd5 8.e3 Be7
9.Bd3 O-O 10.Qc2 Re8 11.O-O h6 12.Bf4 Nf8 13.h3 Ne6 14.Bh2 Bd6 15.Bxd6 Qxd6
16.a5 Ng5 17.Ne5 c5 18.f4 Ne6 19.Ne2 Bd7 20.Qd2 cxd4 21.exd4 Ne4 22.Qe3 Bb5
23.Nc3 Nxc3 24.bxc3 Bxd3 25.Qxd3 Rac8 26.Rab1 Rc7 27.f5 Nc5 28.Qf3 Ne4 29.Rb6 Qa3
30.f6 Qxc3 31.Qg4 Qxd4+ 32.Kh1 Nf2+ 33.Rxf2 Rc1+ 34.Kh2 Qxe5+ 35.g3 g6 36.Rxb7 Qe1  0-1

[Event "Komercni Banka op"]
[Site "Pardubice"]
[Date "1997.07.19"]
[Round "3"]
[White "Kulikov, Alexander O"]
[Black "Sotnikov, Igor"]
[Result "1/2-1/2"]
[WhiteElo "2335"]
[BlackElo "2445"]

1.d4 d5 2.c4 c6 3.Nf3 Nf6 4.Nc3 a6 5.a4 e6 6.e3 Nbd7 7.Be2 Bb4 8.O-O a5 9.Bd2 b6
10.Na2 Bd6 11.b4 axb4 12.Bxb4 c5 13.Ba3 O-O 14.Nc3 Bb7 15.Nd2 Qb8 16.h3 cxd4
17.Bxd6 Qxd6 18.Nb5 Qe7 19.Nxd4 Rfc8 20.Qb3 e5 21.Nb5 Nc5 22.Qb4 Qe6  1/2-1/2

[Event "Wch U20"]
[Site "Zagan"]
[Date "1997.07.23"]
[Round "9"]
[White "Bauer, Christian"]
[Black "Schneider, Stefan"]
[Result "1-0"]
[WhiteElo "2525"]
[BlackElo "2305"]

1.d4 Nf6 2.Nf3 d5 3.c4 c6 4.Nc3 a6 5.Bg5 Ne4 6.h4 Nxc3 7.bxc3 dxc4 8.e4 b5
9.Qc2 Bb7 10.Rb1 Ra7 11.Be2 Qc8 12.h5 h6 13.Bf4 Nd7 14.a4 e6 15.O-O Be7 16.Be3 O-O
17.Rfd1 Rd8 18.d5 Nc5 19.dxe6 Rxd1+ 20.Rxd1 Qxe6 21.Nd4 Qxe4 22.Qxe4 Nxe4
23.Nf5 Bc5 24.Bf3 Bxe3 25.Rd8+ Kh7 26.Bxe4 c5 27.Bc2 Bg5 28.Nd6+ g6 29.hxg6+ Kg7
30.Ne8+ Kf8 31.g7+ Kg8 32.Nf6+  1-0

[Event "Komercni Banka op"]
[Site "Pardubice"]
[Date "1997.07.24"]
[Round "8"]
[White "Rychagov, Andrei"]
[Black "Gisbrecht, Ewgeni"]
[Result "1-0"]
[WhiteElo "2495"]
[BlackElo "2400"]

1.d4 d5 2.c4 c6 3.Nf3 Nf6 4.Nc3 a6 5.c5 g6 6.Bf4 Bg7 7.h3 O-O 8.e3 Nbd7 9.Be2 b6
10.cxb6 Qxb6 11.O-O Bb7 12.Na4 Qa7 13.Qb3 Rfc8 14.Rfc1 Ne4 15.Ne5 Bxe5 16.dxe5 c5
17.Qa3 Bc6 18.f3 g5 19.Bh2 Bxa4 20.Qxa4 c4 21.fxe4 Qxe3+ 22.Kh1 Nc5 23.Qc2 Nxe4
24.Rf1 Nf2+ 25.Rxf2 Qxf2 26.Rf1 Qe3 27.Bh5 Rf8 28.Qf5 Kh8 29.Bxf7  1-0

[Event "FRA-ch"]
[Site "Narbonne"]
[Date "1997.08.15"]
[Round "1"]
[White "Chabanon, Jean Luc"]
[Black "Bricard, Emmanuel"]
[Result "1-0"]
[WhiteElo "2455"]
[BlackElo "2350"]

1.d4 d5 2.c4 c6 3.Nf3 Nf6 4.Nc3 a6 5.c5 Bf5 6.Qb3 Ra7 7.Bf4 Nbd7 8.h3 h6
9.g4 Bh7 10.Rg1 g5 11.Bh2 Bg7 12.Ne5 O-O 13.O-O-O Nxe5 14.Bxe5 Nd7 15.Bxg7 Kxg7
16.e4 dxe4 17.Bg2 Nf6 18.d5 Qa5 19.Qb6 Qxb6 20.cxb6 Raa8 21.dxc6 bxc6 22.Rge1 Rab8
23.Na4 a5 24.Rd4 e6 25.Re3 Rb7 26.Rb3 Nd5 27.Bf1 Ra8 28.Kd2 Kf6 29.Nc5 Re7
30.b7 Rb8 31.Ra4 Ke5 32.Rxa5 Kd6 33.Ra8  1-0

[Event "FRA-ch"]
[Site "Narbonne"]
[Date "1997.08.22"]
[Round "7"]
[White "Hauchard, Arnaud"]
[Black "Prie, Eric"]
[Result "1/2-1/2"]
[WhiteElo "2485"]
[BlackElo "2465"]

1.d4 d5 2.c4 c6 3.Nc3 Nf6 4.Nf3 a6 5.Bg5 Ne4 6.Bf4 Nxc3 7.bxc3 dxc4 8.g3 b5
9.Bg2 Nd7 10.O-O Bb7 11.Qb1 g6 12.Nd2 Qc8 13.a4 Bg7 14.Qb4 c5 15.dxc5 Bxg2
16.Kxg2 Qc6+ 17.f3 Rc8 18.axb5 axb5 19.Ra5 Nxc5 20.Rxb5 Nd7 21.Rb7 O-O 22.Nxc4 Bxc3
23.Qxc3 Qxb7 24.Bh6 f6 25.Bxf8 Kxf8 26.Qd3 Qb5 27.Rd1 Qxc4  1/2-1/2

[Event "RUS-ch (Women)"]
[Site "Elista"]
[Date "1997.09.19"]
[Round "1"]
[White "Zhurina, Elizaveta"]
[Black "Stepovaia Dianchenko, Tatiana"]
[Result "0-1"]
[WhiteElo "2235"]
[BlackElo "2340"]

1.d4 d5 2.Nf3 c6 3.c4 Nf6 4.Nc3 a6 5.a4 e6 6.Bf4 Bb4 7.e3 O-O 8.Bd3 dxc4
9.Bxc4 Nd5 10.O-O Nxf4 11.exf4 Nd7 12.Ne5 Nf6 13.Qb3 a5 14.f5 Qxd4 15.Rae1 Nd5
16.fxe6 fxe6 17.Re4 Qc5 18.Nd3 Qd6 19.Re5 Bxc3 20.bxc3 b6 21.Rfe1 Rf6 22.f3 Bd7
23.Nf2 Qc5 24.Kf1 Rf4 25.Bxd5 cxd5 26.R1e4 Rxe4 27.fxe4 Rf8 28.Qb2 Qd6 29.Rg5 dxe4
30.Ke1 e3 31.Ne4 Qf4  0-1

[Event "RUS-ch (Women)"]
[Site "Elista"]
[Date "1997.09.21"]
[Round "3"]
[White "Prudnikova, Svetlana"]
[Black "Stepovaia Dianchenko, Tatiana"]
[Result "1/2-1/2"]
[WhiteElo "2385"]
[BlackElo "2340"]

1.Nf3 d5 2.d4 Nf6 3.c4 c6 4.Nc3 a6 5.a4 e6 6.g3 dxc4 7.Ne5 c5 8.dxc5 Qxd1+
9.Nxd1 Bd7 10.Bg2 Bc6 11.Nxc6 Nxc6 12.Bd2 Nd5 13.Rc1 Bxc5 14.Rxc4 Bb4 15.Nc3 O-O-O
16.Nxd5 Bxd2+ 17.Kxd2 exd5 18.Rc5 Kb8 19.Rd1 Ne7 20.a5 Rc8 21.Rdc1 Rxc5 22.Rxc5 Rc8
23.Rxc8+ Kxc8 24.Kc3 Kc7 25.e4 dxe4 26.Bxe4 h6 27.Kd4 Nc6+ 28.Bxc6 Kxc6 29.Ke5 Kb5
30.Kd6 Kxa5 31.Ke7 f6 32.Kf7 Kb4 33.Kxg7 Kb3 34.Kxh6 Kxb2 35.h4 b5 36.g4 b4
37.g5 fxg5 38.hxg5 b3 39.g6 Ka3 40.g7 b2 41.g8=Q b1=Q 42.Qf8+ Ka2  1/2-1/2

[Event "ESP-ch"]
[Site "Torrevieja"]
[Date "1997.09.30"]
[Round "3"]
[White "Gonzalez de la Nava, Amador"]
[Black "Martinez Rodriguez, Pablo"]
[Result "1-0"]
[WhiteElo "2365"]
[BlackElo "2220"]

1.d4 d5 2.Nf3 Nf6 3.c4 c6 4.Nc3 a6 5.cxd5 cxd5 6.Bf4 b5 7.e3 e6 8.Bd3 Bd6
9.Bxd6 Qxd6 10.O-O Bb7 11.Qb3 Nbd7 12.Rfc1 O-O 13.a4 b4 14.Ne2 a5 15.Rc2 e5
16.dxe5 Nxe5 17.Nxe5 Qxe5 18.Nd4 Ne4 19.Rac1 Qf6 20.Bxe4 dxe4 21.Rc7 Rab8
22.R1c5 Qd6 23.Qc4 Ba6 24.Qc1 Bd3 25.Rxa5 g6 26.b3 Qxc7 27.Qxc7 Rfc8 28.Rc5 Rxc7
29.Rxc7 Rb6 30.f4 exf3 31.gxf3 Kg7 32.Kf2 g5 33.e4 h6 34.Ke3 Bf1 35.Rc6  1-0

[Event "ESP-ch"]
[Site "Torrevieja"]
[Date "1997.10.05"]
[Round "8"]
[White "Gonzalez Velez, Fermin"]
[Black "Magem Badals, Jorge"]
[Result "1/2-1/2"]
[WhiteElo "2395"]
[BlackElo "2550"]

1.d4 d5 2.c4 c6 3.Nc3 Nf6 4.Nf3 a6 5.a4 e6 6.Bg5 Nbd7 7.e3 Qa5 8.Nd2 Bb4
9.Qc2 c5 10.Nb3 Qc7 11.Bxf6 Nxf6 12.dxc5 Bd7 13.cxd5 Nxd5 14.Bd3 Nxc3 15.bxc3 Bxc5
16.Nxc5 Qxc5 17.O-O Bc6 18.Be4 Rc8 19.Rab1 Rc7 20.Rb4 g6 21.h3 O-O 22.Bxc6 Qxc6
23.Rfb1 Rd8 24.Rb6 Qd5 25.Qb3 Qe4 26.Rb4 Qd3 27.Rxb7 Rxc3 28.Qb6 Rdc8 29.Rb8 Kg7
30.Rxc8 Rxc8 31.Qb2+ Kg8 32.Qb6 h5 33.a5 Rc5 34.Qxc5 Qxb1+  1/2-1/2

[Event "London"]
[Site "London"]
[Date "1997.10.19"]
[Round "2"]
[White "Lalic, Bogdan"]
[Black "Dunnington, Angus J"]
[Result "1/2-1/2"]
[WhiteElo "2600"]
[BlackElo "2420"]

1.d4 Nf6 2.Nf3 d5 3.c4 c6 4.Nc3 a6 5.a4 e6 6.Bg5 Nbd7 7.e3 Qa5 8.Bxf6 Nxf6
9.Nd2 Bb4 10.Qc2 c5 11.Be2 O-O 12.O-O cxd4 13.exd4 dxc4 14.Nxc4 Qc7 15.Rac1 Bd7
16.Qb3 Bd6 17.Nxd6  1/2-1/2

[Event "RUS-Cup01 Chigorin mem"]
[Site "St Petersburg"]
[Date "1997.11.05"]
[Round "5"]
[White "Razuvaev, Yuri S"]
[Black "Shovunov, Baatr"]
[Result "1/2-1/2"]
[WhiteElo "2555"]
[BlackElo "2330"]

1.d4 Nf6 2.Nf3 d5 3.c4 c6 4.Nc3 a6 5.c5 Bf5 6.Qb3 Qc8 7.Bf4 Nbd7 8.h3 h6
9.e3 e6 10.Be2 Be7 11.Bh2 Bd8 12.O-O Bc7 13.Bxc7 Qxc7 14.Qd1 e5 15.dxe5 Nxe5
16.Nd4 Bh7 17.b4 O-O 18.Rc1 Nfd7 19.f4 Nc4 20.Bxc4 dxc4 21.e4 Rad8 22.Qd2 b6
23.cxb6 Qxb6 24.Na4 Qc7  1/2-1/2

[Event "RUS-Cup01 Chigorin mem"]
[Site "St Petersburg"]
[Date "1997.11.07"]
[Round "7"]
[White "Ivanov, Sergey"]
[Black "Shovunov, Baatr"]
[Result "1/2-1/2"]
[WhiteElo "2530"]
[BlackElo "2330"]

1.d4 d5 2.c4 c6 3.Nc3 Nf6 4.Nf3 a6 5.a4 e6 6.g3 Be7 7.Bg2 a5 8.O-O Na6 9.Ne5 Nd7
10.Bf4 f5 11.e4 fxe4 12.Qh5+ g6 13.Nxg6 Nf6 14.Qh4 Ng8 15.Nxe7 Nxe7 16.Be5 O-O
17.Bd6 Rf7 18.Qg5+ Kf8 19.f3 e3 20.Rae1 Nc7 21.Rxe3 Ne8 22.Be5 Qb6 23.Re2 Ng6
24.Bh3 Nxe5 25.Qxe5 Ng7 26.f4 Qb4 27.cxd5 exd5 28.f5 Kg8 29.g4 Bd7 30.Qe3 Re8
31.Qd3 Rxe2 32.Nxe2 Ne8 33.b3 Nf6 34.Ng3 Rg7 35.Kh1 c5 36.dxc5 Bc6 37.Qe2 d4+
38.Bg2 Bxg2+ 39.Kxg2 Qxb3 40.Qe5 Qb2+ 41.Ne2 h5 42.g5 Rxg5+ 43.Kh1 Kh7 44.h3 Qb3
45.Nf4 Qc2 46.Qe7+ Rg7 47.Qxf6 Qe4+ 48.Kh2 Qc2+  1/2-1/2

[Event "CZE-chT 9798"]
[Site "CZE"]
[Date "1997.11.15"]
[Round "1"]
[White "Cech, Pavel"]
[Black "Klima, Lukas"]
[Result "1/2-1/2"]
[WhiteElo "2360"]
[BlackElo "2255"]

1.d4 d5 2.c4 c6 3.Nc3 Nf6 4.Nf3 a6 5.cxd5 cxd5 6.Bf4 Nc6 7.e3 Bg4 8.h3 Bxf3
9.Qxf3 e6 10.Bd3 Be7 11.O-O O-O 12.Rfc1 Rc8 13.Qd1 b5 14.a4 b4 15.Nb1 Qb6
16.Nd2 Nd7 17.Qe2 Ncb8 18.Nb3 Qb7 19.Rc2 Bf6 20.Rac1 e5 21.dxe5 Rxc2 22.Bxc2 Be7
23.Qd3 g6 24.e4 dxe4 25.Qxe4 Qb6 26.a5 Qc6 27.Bd3 Qxe4 28.Bxe4 Re8 29.Bg3 Bf8
30.f4 g5 31.fxg5 Nxe5 32.Re1 Bg7 33.Bf5 Nbc6 34.Nc5 Nf3+ 35.gxf3 Bd4+ 36.Kf1 Rxe1+
37.Kxe1 Bxc5 38.Bc7 b3 39.Bc8 Nb4 40.Kd2 Bd4 41.Bd6 Nc6 42.Bxa6 Bxb2 43.Bc4 Nxa5
44.Bd5 Bd4 45.Bc7 b2 46.Kc2 Bc3 47.f4 Kg7 48.Bd8 h6 49.Be4 b1=Q+ 50.Kxb1 hxg5
51.Kc2 Be1 52.fxg5 Nc4 53.Bf6+ Kf8 54.Kd3 Nd6 55.Bd5 Ne8 56.Bd8 Bh4 57.Ke3 f6
58.g6 Kg7 59.Be4 f5  1/2-1/2

[Event "Bayern-chI Bank Hofmann"]
[Site "Bad Wiessee"]
[Date "1997.11.22"]
[Round "8"]
[White "Epishin, Vladimir"]
[Black "Kasimdzhanov, Rustam"]
[Result "1-0"]
[WhiteElo "2570"]
[BlackElo "2545"]

1.d4 d5 2.c4 c6 3.Nc3 Nf6 4.Nf3 a6 5.Ne5 Nbd7 6.Nxd7 Bxd7 7.Qb3 Bc8 8.g3 e6
9.Bg2 Be7 10.O-O O-O 11.Bf4 b5 12.c5 a5 13.e4 Ba6 14.Rfe1 dxe4 15.Be5 a4
16.Qd1 b4 17.Nxe4 Bb5 18.Qc2 Nd5 19.a3 b3 20.Qd1 Ba6 21.Rc1 Ra7 22.h4 Re8
23.Qg4 g6 24.Qd1 Rf8 25.Qd2 f6 26.Bd6 Bxd6 27.Nxd6 Re7 28.Re4 Bc8 29.Rce1 Bd7
30.Bh3 f5 31.Re5 Rg7 32.Qg5 Qa8 33.Bg2 Nf6 34.Bf1 h6 35.Qxh6 Ng4 36.Qf4 Nxe5
37.dxe5 Qa5 38.Rc1 Rb8 39.Qd4 Rd8 40.Nb7 Qc7 41.Nxd8 Qxd8 42.Qxa4 g5 43.h5 f4
44.Qxb3 Qa5 45.Qc3 Qa4 46.b4  1-0

[Event "Alushta"]
[Site "Alushta"]
[Date "1997.??.??"]
[Round "8"]
[White "Prokopchuk, Evgeny"]
[Black "Moskalenko, Viktor"]
[Result "1/2-1/2"]
[WhiteElo "2440"]
[BlackElo "2485"]

1.d4 d5 2.c4 c6 3.Nc3 Nf6 4.Nf3 a6 5.e3 b5 6.cxd5 cxd5 7.Bd3 e6 8.O-O Bd6
9.a3 Bb7 10.Bd2 O-O 11.Rc1  1/2-1/2

[Event "AUT-chT2W 9798"]
[Site "Austria"]
[Date "1997.??.??"]
[Round "1"]
[White "Hermann, Ursula"]
[Black "Gaertner, Guntram"]
[Result "1/2-1/2"]
[WhiteElo "2360"]
[BlackElo "2340"]

1.d4 d5 2.c4 c6 3.Nf3 Nf6 4.Nc3 a6 5.Ne5 b5 6.cxd5 cxd5 7.Bf4 e6 8.e3 Be7
9.Bd3 Bb7 10.a4 b4 11.Ne2 O-O 12.Nc1 Nbd7 13.a5 Nxe5 14.Bxe5 Ne4 15.Nb3 f6
16.Bg3 Nxg3 17.hxg3 f5 18.Qh5 h6 19.g4 Bc8 20.f4 Qe8 21.Qxe8 Rxe8 22.gxf5 exf5
23.Kd2 Kf7 24.Rac1 Ra7 25.Rc6 Bd7 26.Rxa6 Rxa6 27.Bxa6 Ba4 28.Nc5 Ra8 29.Ra1 Bc6
30.Bb7 Bxb7 31.Nxb7 Ke6 32.a6 Kd7 33.Kc2 Kc7 34.Kb3 Kb6 35.Nc5 Ka7 36.Kxb4 Re8
37.Ra3 g5 38.Kb5 Rb8+ 39.Nb7 Bxa3 40.bxa3 Re8 41.Nd6 Rxe3 42.fxg5 hxg5 43.Nxf5 Re8
44.g4 Re4 45.Kc5 Rxg4 46.Kxd5 Kxa6 47.Ne3 Rf4 48.Ke5 Kb5 49.Nd5 Rf8 50.Nf6 Kc6
51.d5+ Kc7 52.a4 Ra8 53.Kf5 Rxa4 54.Kxg5 Kd6 55.Kf5 Rb4 56.Ne4+ Kxd5 57.Nc3+ Kd4
58.Ne4 Rb5+ 59.Kf4 Re5 60.Ng5 Re8 61.Nf3+ Kd5 62.Nd2 Rf8+ 63.Ke3 Ra8 64.Nf3 Ra4
65.Nd2 Ra3+ 66.Kf4 Ra8 67.Ke3 Re8+ 68.Kd3 Re7 69.Nf3 Re4 70.Nd2 Ra4 71.Ke3 Ra3+
72.Kf4 Rc3 73.Nf3 Rd3 74.Ng5 Rd4+ 75.Ke3 Rg4 76.Nf3 Re4+ 77.Kd3 Rg4 78.Ke3 Rg3
79.Kf4 Rh3 80.Kg4 Rh8 81.Kf4 Re8 82.Ng5 Re7 83.Kf5 Re5+ 84.Kf4 Re1 85.Nf3 Re4+
86.Kf5 Ra4 87.Ng5 Ra5 88.Nf3 Ra8  1/2-1/2

[Event "AUT-chT9697"]
[Site "Austria"]
[Date "1997.??.??"]
[Round "7"]
[White "Herndl, Harald"]
[Black "Gaertner, Guntram"]
[Result "1/2-1/2"]
[WhiteElo "2360"]
[BlackElo "2385"]

1.d4 d5 2.c4 c6 3.Nf3 Nf6 4.Nc3 a6 5.e3 b5 6.cxd5 cxd5 7.Ne5 e6 8.Bd3 Nbd7
9.f4 Bb7 10.O-O Be7 11.Bd2 O-O 12.Rc1 Ne4 13.Nxe4 dxe4 14.Bb1 Rc8 15.Rxc8 Qxc8
16.Qe2 Bd5 17.Rc1 Qb7 18.Qe1 Rc8 19.Rxc8+ Qxc8 20.Nxd7 Qxd7 21.Bb4 Bxb4 22.Qxb4 Qc6
23.Kf2 g6 24.Qc5 Qxc5 25.dxc5 b4 26.Bc2 Kf8 27.Ba4 Ke7 28.a3 a5 29.axb4 axb4
30.g4 h6 31.Ke2 g5 32.Kf2 f6 33.fxg5 fxg5 34.Ke1 Kd8 35.Kd2 Kc7 36.Kc2 Kb7
37.Bb5  1/2-1/2

[Event "Wch Seniors"]
[Site "Bad Wildbad"]
[Date "1997.??.??"]
[Round "9"]
[White "Usachyi, Mark"]
[Black "Ziltener, Werner"]
[Result "1-0"]
[WhiteElo "2265"]
[BlackElo "2019"]

1.Nf3 d5 2.d4 Nf6 3.c4 c6 4.Nc3 a6 5.cxd5 cxd5 6.Bf4 Nc6 7.e3 Bf5 8.Bd3 Bxd3
9.Qxd3 e6 10.O-O Bd6 11.Rfe1 O-O 12.Rac1 Rc8 13.a3 h6 14.Rc2 Qc7 15.Bxd6 Qxd6
16.Rec1 Rc7 17.Na4 Nd7 18.Nc5 Rfc8 19.b4 Nd8 20.h3 Rc6 21.Nxd7 Rxc2 22.Rxc2 Rxc2
23.Qxc2 Qxd7 24.Ne5 Qe7 25.Qc8 Kh7 26.Nd7 g6 27.g3 h5 28.Kg2 Kh6 29.Ne5 Kg7
30.h4 Kh7 31.Nd7 Kg7 32.Nc5 Kf6 33.Qb8 Kg7 34.f4 Kh7 35.Kf3 Kg7 36.Ke2 Kh7
37.Kd2 Kg7 38.Kc3 Kh7 39.Kb3 Kg7 40.Qc8 Kf6 41.Nd7+ Kg7 42.Ne5 Kf6 43.a4 Kg7
44.Qc5 Kf8 45.b5 axb5 46.axb5 Ke8 47.Ka4 Kf8 48.Ka5 Ke8 49.Kb6 Kf8 50.Qxe7+ Kxe7
51.Kc7 Ke8 52.Nd3 Ke7 53.Nc5 f6 54.Nxb7 Nf7 55.Na5  1-0

[Event "Benasque op"]
[Site "Benasque"]
[Date "1997.??.??"]
[Round "7"]
[White "Cacho Reigadas, Sergio"]
[Black "Mirouze, Federic"]
[Result "1-0"]
[WhiteElo "2445"]
[BlackElo "2150"]

1.d4 d5 2.c4 c6 3.Nf3 Nf6 4.Nc3 a6 5.Ne5 Nbd7 6.cxd5 Nxe5 7.dxe5 Nxd5 8.e4 Nxc3
9.Qxd8+ Kxd8 10.bxc3 f6 11.Be3 e6 12.Bb6+ Ke8 13.exf6 gxf6 14.Rd1 Be7 15.Bc4 Bd7
16.O-O Bd8 17.Rb1 Bxb6 18.Rxb6 Bc8 19.e5 Rf8 20.f4 fxe5 21.fxe5 Rxf1+ 22.Bxf1 Kd8
23.Rb4 b5 24.Rg4 Ra7 25.Rg8+ Kc7 26.Rg7+ Kb6 27.Rxa7 Kxa7 28.g4 c5 29.Bd3 b4
30.cxb4 cxb4 31.Bxh7 Bb7 32.Bb1  1-0

[Event "Mermaid Beach Club"]
[Site "Bermuda"]
[Date "1997.??.??"]
[Round "3"]
[White "Hellsten, Johan"]
[Black "Hodgson, Julian M"]
[Result "1/2-1/2"]
[WhiteElo "2485"]
[BlackElo "2560"]

1.d4 d5 2.c4 c6 3.Nf3 Nf6 4.Nc3 a6 5.Ne5 b5 6.cxd5 cxd5 7.Bf4 e6 8.e3 Nbd7
9.Bd3 Nxe5 10.Bxe5 Bd6 11.Bxd6 Qxd6 12.Qf3 O-O 13.Qg3 Qxg3 14.hxg3 Bd7 15.e4 dxe4
16.Nxe4 Bc6 17.Nxf6+ gxf6 18.f3 Rfd8 19.Rc1 Rac8 20.Bxh7+ Kg7 21.Bd3 Rxd4
22.Ke2 Rcd8 23.Rhd1 R8d6 24.g4 Kf8 25.Ke3 Ke7 26.Rxc6 Rxd3+ 27.Rxd3 Rxc6
28.Rd2 Rc5 29.a3 Rc4 30.Ke2 e5 31.Ke3 Ke6 32.Rd8 Rc2 33.Ra8 Rxb2 34.Rxa6+ Ke7
35.g3 b4 36.axb4 Rxb4 37.Rc6 Ra4  1/2-1/2

[Event "Mermaid Beach Club"]
[Site "Bermuda"]
[Date "1997.??.??"]
[Round "4"]
[White "Vescovi, Giovanni"]
[Black "Hellsten, Johan"]
[Result "1-0"]
[WhiteElo "2490"]
[BlackElo "2485"]

1.d4 d5 2.c4 c6 3.Nf3 Nf6 4.Nc3 a6 5.c5 Bf5 6.Qb3 Qc8 7.h3 h6 8.Bf4 Nbd7
9.e3 e6 10.g4 Bh7 11.Na4 Be4 12.Be2 Be7 13.Rg1 Bxf3 14.Bxf3 Bd8 15.O-O-O Bc7
16.h4 g6 17.g5 Bxf4 18.exf4 hxg5 19.hxg5 Ng8 20.Rh1 Rxh1 21.Rxh1 Qc7 22.Qe3 O-O-O
23.Rh7 Rf8 24.Bg4 Kd8 25.b4 Ne7 26.Nb2 a5 27.a3 axb4 28.axb4 Qb8 29.Nd3 Qa8
30.Kd2 Nf5 31.Bxf5 exf5 32.Ke2 Qa2+ 33.Kf3 Qb3 34.Qd2 Qc4 35.Ne5 Nxe5+ 36.fxe5 Qf1
37.e6 Qg1 38.Qf4 Qg4+ 39.Qxg4 fxg4+ 40.Kxg4 Ke7 41.Rxf7+ Rxf7 42.exf7 Kxf7
43.Kf4 Ke6 44.f3  1-0

[Event "Bled op Seniors"]
[Site "Bled"]
[Date "1997.??.??"]
[Round "?"]
[White "Koemetter, Reinhard"]
[Black "Waller, Helmut"]
[Result "0-1"]
[WhiteElo "1915"]
[BlackElo "2200"]

1.d4 d5 2.c4 c6 3.Nc3 Nf6 4.Nf3 a6 5.cxd5 cxd5 6.Bg5 Ne4 7.Bh4 Nxc3 8.bxc3 Qa5
9.Nd2 Nc6 10.Qc1 Bf5 11.Qb2 b5 12.Nb3 Qb6 13.a3 e6 14.e3 Rc8 15.Rc1 Na5 16.Nd2 Bd6
17.c4 dxc4 18.Bxc4 O-O 19.O-O Bxa3 20.Qxa3 Nxc4 21.Nxc4 Rxc4 22.Be7 Ra8 23.Bc5 Qb7
24.Rxc4 bxc4 25.f3 Bd3 26.Rc1 h6 27.Bb4 Qb5 28.Ra1 Rb8 29.Bd6 Rb6 30.Bc5 Rc6
31.Kf2 Qb3 32.Qc1 c3 33.Kg3 c2 34.Kf2 Qb8 35.Ra3 Qb1 36.Ra1 Rc8 37.Ke1 Rb8
38.Kd2 Rb3 39.e4 Bc4 40.Ra3 Bd3 41.Ra1 f5 42.e5 f4  0-1

[Event "Budapest FS06 GM"]
[Site "Budapest"]
[Date "1997.??.??"]
[Round "1"]
[White "Dao Thien Hai"]
[Black "Keitlinghaus, Ludger"]
[Result "1-0"]
[WhiteElo "2555"]
[BlackElo "2515"]

1.d4 d5 2.c4 c6 3.Nf3 Nf6 4.Nc3 a6 5.a4 e6 6.Bg5 Nbd7 7.e3 Qa5 8.Nd2 dxc4
9.Bh4 Bb4 10.Bxc4 c5 11.O-O cxd4 12.exd4 Bxc3 13.bxc3 Qxc3 14.d5 O-O 15.dxe6 fxe6
16.Bxe6+ Kh8 17.Rc1 Qd4 18.Nf3 Qxd1 19.Rfxd1 Ne5 20.Nd4 Bxe6 21.Nxe6 Rf7
22.f3 Re8 23.Rd8 Rff8 24.Rd6 Nf7 25.Bxf6 gxf6 26.Rb6 Rg8 27.Rc7 Ne5 28.f4  1-0

[Event "Honved"]
[Site "Budapest"]
[Date "1997.??.??"]
[Round "1"]
[White "Seres, Lajos"]
[Black "Gartner, Guntram"]
[Result "1-0"]
[WhiteElo "2470"]
[BlackElo "2380"]

1.d4 d5 2.c4 c6 3.Nf3 Nf6 4.Nc3 a6 5.a4 g6 6.Bf4 Bg7 7.e3 O-O 8.Qb3 Qa5 9.Rc1 Nbd7
10.Bd3 dxc4 11.Bxc4 Ne4 12.O-O Nxc3 13.Rxc3 e5 14.Bg3 exd4 15.exd4 c5 16.Bd6 cxd4
17.Rcc1 Bh6 18.Bxf8 Bxc1 19.Bb4 Nc5 20.Bxf7+ Kg7 21.Qc4 Qc7 22.Rxc1  1-0

[Event "Honved"]
[Site "Budapest"]
[Date "1997.??.??"]
[Round "7"]
[White "Horvath, Jozsef"]
[Black "Gartner, Guntram"]
[Result "1-0"]
[WhiteElo "2535"]
[BlackElo "2380"]

1.d4 d5 2.c4 c6 3.Nf3 Nf6 4.Nc3 a6 5.e3 b5 6.b3 Bg4 7.Be2 e6 8.O-O Nbd7 9.h3 Bh5
10.Bb2 Bd6 11.Ne5 Bxe2 12.Nxe2 bxc4 13.bxc4 Qb8 14.Rb1 Nxe5 15.dxe5 Bxe5
16.Ba3 Qc7 17.cxd5 exd5 18.Qa4 Bh2+ 19.Kh1 Bd6 20.Rfc1 Bxa3 21.Rxc6 Qd7 22.Nd4 Bd6
23.Rb7 Qxb7 24.Rc7+ Kf8 25.Rxb7 Rc8 26.g4 h6 27.Qxa6  1-0

[Event "Cannes op 18th"]
[Site "Cannes"]
[Date "1997.??.??"]
[Round "2"]
[White "Touzane, Olivier"]
[Black "Wagner, Claude"]
[Result "1-0"]
[WhiteElo "2355"]
[BlackElo "2390"]

1.d4 d5 2.c4 c6 3.Nf3 Nf6 4.Nc3 a6 5.g3 dxc4 6.Bg2 g6 7.O-O Bg7 8.a4 a5 9.e4 O-O
10.Qe2 Na6 11.Qxc4 Nb4 12.Bf4 Be6 13.Qe2 Qb6 14.Rfd1 Rfd8 15.h3 h6 16.Kh2 Bb3
17.Rd2 Be6 18.Bf1 Rac8 19.Rc1 Kh7 20.Be3 Qc7 21.d5 cxd5 22.exd5 Bf5 23.Bf4 Qc5
24.Rdd1 Qb6 25.Be3 Qd6 26.Nb5 Qd7 27.Ne5 Qe8 28.Bb6 Rxc1 29.Rxc1 Rc8 30.Rxc8 Qxc8
31.d6 Nbd5 32.Bxa5 b6 33.Be1 Qe6 34.Nd4 Qxd6 35.Nxf7 Qc5 36.Nxf5 gxf5 37.Nd8 Nc7
38.b4 Qd6 39.Qd3 Nd7 40.Qxf5+ Kg8  1-0

[Event "Cannes op-B 18th"]
[Site "Cannes"]
[Date "1997.??.??"]
[Round "8"]
[White "Lacrosse, Marc"]
[Black "Coursaget, Nicolas"]
[Result "1-0"]
[WhiteElo "2285"]
[BlackElo "2135"]

1.d4 d5 2.c4 c6 3.Nf3 Nf6 4.Nc3 a6 5.c5 Bf5 6.Qb3 Ra7 7.Bf4 Nbd7 8.h3 h6
9.e3 g5 10.Bh2 Bg7 11.Be2 O-O 12.O-O Re8 13.Rad1 Nh7 14.a4 Qc8 15.Rd2 Nhf8
16.Qa3 e5 17.Nxe5 Nxe5 18.Bxe5 Bxe5 19.dxe5 Rxe5 20.f4 Rxe3 21.Nxd5 Re6 22.Nb6 Qe8
23.fxg5 Re3 24.Qb4 Bg6 25.Bc4 hxg5 26.Rdf2 Ne6 27.Qd2 Nf4 28.Rf3 Re7 29.h4 Ne6
30.Bxe6 Rxe6 31.Qxg5 Re5 32.Qg3 Kh7 33.Nd7 Qxd7 34.Qxe5 Ra8 35.h5  1-0

[Event "Cappelle op"]
[Site "Cappelle la Grande"]
[Date "1997.??.??"]
[Round "3"]
[White "Sakaev, Konstantin"]
[Black "Zamanov, Ansar M"]
[Result "1-0"]
[WhiteElo "2580"]
[BlackElo "2350"]

1.d4 d5 2.Nf3 Nf6 3.c4 c6 4.Nc3 a6 5.c5 g6 6.Bf4 Bg7 7.h3 O-O 8.e3 Re8 9.Be2 Nfd7
10.O-O e5 11.Nxe5 Nxe5 12.Bxe5 Bxe5 13.dxe5 Rxe5 14.e4 Qh4 15.f4 Re8 16.exd5 Bxh3
17.Qe1 Qxe1 18.Rfxe1 Bd7 19.Bf3 a5 20.Ne4 Kg7 21.Nd6 Rxe1+ 22.Rxe1 cxd5 23.Re7 Bc6
24.Rxf7+ Kg8 25.f5 Na6 26.f6 Nxc5 27.Rg7+ Kf8 28.Rxh7 Kg8 29.Rg7+ Kf8 30.Rh7 Kg8
31.Rg7+ Kf8 32.Bg4 d4 33.Rf7+ Kg8 34.Rg7+ Kf8 35.Nf7 Re8 36.Nh6 Bd5 37.Rh7  1-0

[Event "Cherepovets"]
[Site "Cherepovets"]
[Date "1997.??.??"]
[Round "2"]
[White "Lutsko, Igor"]
[Black "Popov, Valerij"]
[Result "1/2-1/2"]
[WhiteElo "2410"]
[BlackElo "2430"]

1.d4 d5 2.Nf3 Nf6 3.c4 c6 4.Nc3 a6 5.cxd5 cxd5 6.Bf4 Nc6 7.e3 Bg4 8.Bd3 e6
9.O-O Bd6 10.Bxd6 Qxd6 11.h3 Bxf3 12.Qxf3 O-O 13.Rfc1  1/2-1/2

[Event "Cherepovets"]
[Site "Cherepovets"]
[Date "1997.??.??"]
[Round "8"]
[White "Komliakov, Viktor"]
[Black "Lutsko, Igor"]
[Result "1/2-1/2"]
[WhiteElo "2460"]
[BlackElo "2410"]

1.d4 d5 2.c4 c6 3.Nc3 Nf6 4.Nf3 a6 5.cxd5 cxd5 6.Bf4 Nc6 7.e3 Bg4 8.Be2 e6
9.O-O Bd6 10.Bxd6 Qxd6 11.Ne1 Bxe2 12.Qxe2 O-O 13.Nd3 Nd7  1/2-1/2

[Event "Cherepovets"]
[Site "Cherepovets"]
[Date "1997.??.??"]
[Round "9"]
[White "Shipov, Sergei"]
[Black "Komliakov, Viktor"]
[Result "1/2-1/2"]
[WhiteElo "2540"]
[BlackElo "2460"]

1.d4 d5 2.c4 c6 3.Nc3 Nf6 4.Nf3 a6 5.cxd5 cxd5 6.Bf4 Nc6 7.e3 Bg4 8.Be2 e6
9.h3 Bxf3 10.Bxf3 Bd6 11.Bxd6 Qxd6 12.O-O O-O 13.Na4 Nd7 14.Rc1 Rfc8 15.e4 dxe4
16.Bxe4 Nf6 17.Bf3 Nxd4 18.Rxc8+ Rxc8 19.Bxb7 Rc4 20.a3 a5  1/2-1/2

[Event "Cherkessk"]
[Site "Cherkessk"]
[Date "1997.??.??"]
[Round "1"]
[White "Zakharstov, Viacheslav V"]
[Black "Petrushin, Alexander I"]
[Result "1/2-1/2"]
[WhiteElo "2430"]
[BlackElo "2415"]

1.d4 d5 2.c4 c6 3.Nf3 Nf6 4.Nc3 a6 5.cxd5 cxd5 6.Bf4 Nc6 7.e3 Bg4 8.Be2 e6
9.O-O Bd6 10.Bxd6 Qxd6 11.h3 Bxf3 12.Bxf3 O-O 13.Qe2 Rac8 14.Rfc1  1/2-1/2